| 000 | 01099cam a2200289 4500 | ||
|---|---|---|---|
| 001 | WS114248 | ||
| 008 | 010822n 000 0 eng u | ||
| 035 | _a(Sirsi) u114248 | ||
| 245 | _aEarth Summit 2002 | ||
| 520 | _aWeb site for the international convention on sustainable development to be held in 2002. Includes a monthly newsletter, details of key events, organisations and documents, links to each countries National Strategy for Sustainable Development, briefing papers on related topics and links to related conventions. | ||
| 650 | _aSUSTAINABLE DEVELOPMENT | ||
| 650 | _aINTERNATIONAL | ||
| 650 | _aEARTH SUMMIT | ||
| 650 | _aUNITED NATIONS | ||
| 650 | _aNATIONAL STRATEGIES FOR SUSTAINABLE DEVELOPMENT | ||
| 650 | _aFOREIGN INVESTMENT | ||
| 650 | _aCLIMATE CHANGE | ||
| 650 | _aAIDS | ||
| 650 | _aCONVENTIONS | ||
| 650 | _aPOLLUTION | ||
| 650 | _aFORESTS | ||
| 650 |
_aENERGY _96237 |
||
| 650 | _aAGRICULTURE | ||
| 690 |
_aEnvironment _96238 |
||
| 856 | 4 | 0 |
_uhttps://www.earthsummit2002.org _zView the website free of charge at www.earthsummit2002.org... |
| 942 | _n0 | ||
| 999 |
_c119854 _d119854 |
||